| 000 | 00850nam a22002417a 4500 | ||
|---|---|---|---|
| 003 | DO-SdBNP | ||
| 005 | 20240527202356.0 | ||
| 008 | 210616b 2018 dr 00| 0 eng d | ||
| 020 | _a9789945168938 | ||
| 040 |
_aDO-SdBNP _bspa _cBNPHU |
||
| 082 | 4 |
_222 _a337 _bC965r |
|
| 100 | 1 |
_aCuevas, Daris Javier _9639 |
|
| 245 | 1 | 0 |
_aRiesgos en la economía global / _cDaris Javier Cuevas ; prólogo, Franklin Almeyda Rancier. |
| 260 |
_aSanto Domingo : _bBuho, _c2018. |
||
| 300 |
_a389 p. : _bil., gráfcs. ; _c26 cm. |
||
| 500 | _aIncluye datos biográficos del autor en la solapa de la cubierta. | ||
| 504 | _aBiografía: p. 383-389 | ||
| 590 | _aInventariado, 2021 /LP | ||
| 650 | 0 |
_a Relaciones económicas internacionales _91067 |
|
| 650 | 0 |
_aGlobalización _91524 |
|
| 700 | 1 |
_a Almeyda Rancier, Franklin, _eprólogo _937117 |
|
| 942 |
_2ddc _cLBS1 |
||
| 999 |
_c49939 _d49939 |
||